| 000 | 00395nam a22001217a 4500 | ||
|---|---|---|---|
| 082 | _a629.8 HAN | ||
| 100 |
_aGRABBE, EUGENE M,RAMO, SIMON,WOOLDRIDGE, DEAIN E _980312 |
||
| 245 | _aHANDBOOK OF AUTOMATION COMPUTATION AND CONTROL SYSTEMS AND COMPONENTS | ||
| 250 | _aVOL-3 | ||
| 260 |
_aNEW YORK _bJOHN WILEY _c1961 |
||
| 650 |
_aHANDBOOK OF AUTOMATION COMPUTATION AND CONTROL _980313 |
||
| 942 | _cBK | ||
| 999 |
_c585263 _d585263 |
||